| 000 | | | 03830nmc2a22002533x 450 |
| 001 | | | 8f7bf331-add6-45ca-a7c3-44386f3a6a14 |
| 005 | | | 20230623182628.0 |
| 100 | ## | $a | 20230605l1929 k y0rusy50 ca |
| 101 | 0# | $a | rus |
| | $a | ger |
| 102 | ## | $a | RU |
| 105 | ## | $a | a z ||||| |
| 122 | 0# | $a | d19291118 |
| 200 | 1# | $a | Отчет об итогах работы организации Армавирского опытно-показательного округа Северо-Кавказского края |
| | $j | 18.11.1929 |
| 215 | ## | $a | 23 листа |
| | $c | табл. |
| | $d | 38,6 х 25,4 |
| 251 | ## | $c | Дело |
| 300 | ## | $a | Листы: 18-23 - брошюра |
| 300 | ## | $a | Часть текста на немецком языке |
| 300 | ## | $a | Часть текста машинописная и рукописная, часть - напечатана типографским способом |
| 461 | #0 | $1 | 001796d4672-8a00-4986-b488-6e42273792cc |
| | $1 | 2001 |
| | $a | ЦЕНТРАЛЬНЫЙ ИСПОЛНИТЕЛЬНЫЙ КОМИТЕТ СССР (ЦИК СССР). |
| | $1 | 251 |
| | $c | Фонд |
| | $1 | 852 |
| | $g | Р |
| | $j | 3316 |
| 462 | #0 | $1 | 0016e6e8ba4-e15f-4ad4-8937-f1e88c150bfe |
| | $1 | 2001 |
| | $a | Дела Секретариата Президиума ЦИК Союза ССР. 1929 г. |
| | $v | Д. 329б |
| | $1 | 251 |
| | $c | Опись |
| | $1 | 852 |
| | $j | 22 |
| 601 | 01 | $3 | RU\NLR\AUTH\880357276 |
| | $a | СССР |
| | $b | ЦИК |
| 801 | #0 | $a | RU |
| | $b | GA_RF |
| 801 | #1 | $a | RU |
| | $b | ГлавНИВЦ |
| | $c | 20230605 |
| | $2 | rusmarc |
| 801 | #2 | $a | RU |
| | $b | ПБ им. Б.Н. Ельцина |
| | $c | 20230623 |
| | $g | RCR |
| | $2 | rusmarc |
| 852 | ## | $a | ГА РФ |
| | $j | 329 |
| | $l | б |
| 937 | ## | $d | 185680738 |
| | $h | ГАРФ |
| 035 | ## | $a | RuPRLIB51071586 |
| 856 | ## | $u | http://readingroom.main.prlib.ru/item.aspx?id_node=n185680738&mode=full |